000 01251cam a22003377a 4500
003 CHAP
005 20220329133937.0
008 971013s1984 r 00010 d
010 _a13017
011 _a13989
035 _a18062
040 _cCHAP
082 _a630.0182
_bG6 1984
100 0 0 _aGómez, Kwanchai A.
_949962
245 0 _aStatistical procedures for agricultural research
250 _a2 ed.
260 _aNew York :
_bWiley,
_c1984
300 _a680 p.
_b: gráfs.
590 _aBATCH-UPD
_b10
_c20130110
_lUCH01
_h2307
590 _aBATCH-UPD
_b10
_c20130410
_lUCH01
_h1559
590 _aBATCH-UPD
_b10
_c20130914
_lUCH01
_h2115
590 _aCONVERSION
_b10
_c20130109
_lUCH01
_h1308
650 1 4 _aAgricultura
_xMetodos estadisticos.
_91745
710 0 _aInternational Rice Research Institute.
_959779
901 _aBK
942 _cLIBRO
949 _a630.0182 G6 1984
_bBC
_cLIBRO
_d33724000027603
_eLIBRO
_fc.4
_gI.147668
_h76555
_i18062
_si
_t57.20
949 _a630.0182 G6 1984
_bBC
_cLIBRO
_d33724000027611
_eLIBRO
_fc.2
_gI.129159
_h67439
_i18062
_mDir
_si
949 _a630.0182 G6 1984
_bBC
_cLIBRO
_d33724000027629
_eLIBRO
_gI.129158
_h67438
_i18062
_mDir
_si
949 _a630.0182 G6 1984
_bBC
_cLIBRO
_d33724000410767
_eLIBRO
_fc.3
_h75186
_i18062
_si
999 _c13017
_d13017